000 004780000a22001810004500
003 MACL
005 20150823123811.0
008 150823b xxu||||| |||| 00| 0 eng d
040 _aMACL
_cMACL
041 _aEnglish
082 _a650/DAT
100 _aDatta, A k
_96993
245 _aMaterials Management and Inventory Control
_bPriciples and Practice
260 _bJaico Publishing House
_c1988
_aBombay
350 _a195
650 _aManagement
_96994
942 _cBK
_k650
_2ddc
999 _c6913
_d6913